Ako vyhodnocovať výkon PR agentúry?

Bibliographic Details
Main Author: Šimulčík, Richard (Author)
Format: Article
Language:Slovak
ISSN:1335-0889
Subjects:

MARC

LEADER 00000nab a2200000 a 4500
001 vtls000667082
003 SK-MaSNL
005 20260303192105.0
008 180205c1998 xo 0 slo
015 |a SNBRB1998/07-18071 
035 |a CLN000019264 
040 |a SNKBUCL  |b slo  |c SNKBUCL  |e AACR2 
041 0 |a slo 
044 |a xo  |c SK 
080 |a 659.4:331.2  |2 UDC-MRF-SK2 
080 |a 331.2  |2 UDC-MRF-SK2 
100 1 |a Šimulčík, Richard  |4 aut  |9 1197960 
245 1 0 |a Ako vyhodnocovať výkon PR agentúry?  |c Richard Šimulčík 
650 0 7 |a public relations  |2 snkbucl 
655 7 |a články z novín a časopisov  |2 snkbucl  |9 267496 
773 0 |x 1335-0889  |t Stratégie v reklame, marketingu a médiách  |g Č. 6 (1998), s. 12-13 
850 |a Slovenská národná knižnica v Martine 
852 |a SNK  |b KIS3GCP 
958 |a RBX 
999 |c 2144398  |d 2146328